| 000 | 00504nam a2200169Ia 4500 | ||
|---|---|---|---|
| 003 | IN-BaIIA | ||
| 008 | 211028s9999 xx 000 0 eng d | ||
| 040 | _cIIA Library | ||
| 080 |
_a530.1 _bADV-2 |
||
| 245 | 0 |
_aAdvances in theoretical physics _bvol. 2 _cedited by Keith A. Brueckner |
|
| 260 |
_aNew York _bAcademic Press _c1968 |
||
| 300 | _axi, 175p. | ||
| 650 | _aAstronomy and astrophysics thesaurus | ||
| 650 |
_aTheoretical physics _91581 |
||
| 700 |
_aBrueckner, Keith A., ed. _95206 |
||
| 942 | _cBK | ||
| 999 |
_c3219 _d3219 |
||